Marketing (Record no. 43302)

MARC details
000 -LEADER
fixed length control field 00857 a2200325 4500
003 - CONTROL NUMBER IDENTIFIER
control field 0
005 - DATE AND TIME OF LATEST TRANSACTION
control field 20170706094055.0
008 - FIXED-LENGTH DATA ELEMENTS--GENERAL INFORMATION
fixed length control field 170706b xxu||||| |||| 00| 0 eng d
020 ## - NUMERO INTERNATIONAL NORMALISE DES LIVRES
International Standard Book Number 2 247 04266 X
037 ## - SOURCE OF ACQUISITION
Source of stock number/acquisition 2, MES
037 ## - SOURCE OF ACQUISITION
Stock number De 9601
037 ## - SOURCE OF ACQUISITION
Stock number De 9602
040 ## - SOURCE DU CATALOGAGE
Original cataloging agency BUAC
Language of cataloging Fr
Transcribing agency BUC
100 ## - VEDETTE PRINCIPALE - NOM DE PERSONNE
Personal name Demeure, Claude
100 ## - VEDETTE PRINCIPALE - NOM DE PERSONNE
Language of a work Fr
245 ## - TITLE STATEMENT
Title Marketing
Statement of responsibility, etc / par Claude Demeure
250 ## - EDITION STATEMENT
Edition statement 3e éd.
260 ## - PUBLICATION, DISTRIBUTION, ETC. (IMPRINT)
Place of publication, distribution, etc Paris :
260 ## - PUBLICATION, DISTRIBUTION, ETC. (IMPRINT)
Name of publisher, distributor, etc Ed. Dalloz,
260 ## - PUBLICATION, DISTRIBUTION, ETC. (IMPRINT)
Date of publication, distribution, etc 2001
300 ## - PHYSICAL DESCRIPTION
Extent XXIII-387p
Other physical details couv. en coul. ;
300 ## - PHYSICAL DESCRIPTION
Other physical details 21 cm
440 ## - SERIES STATEMENT/ADDED ENTRY--TITLE
Title (Collection Aide - mémoire)
500 ## - GENERAL NOTE
General note Index pp. 381-387
630 ## - SUBJECT ADDED ENTRY--UNIFORM TITLE
Uniform title 65 - Gestion et organisation de lindustrie, du commerce, de la communication et des transports
9 (RLIN) 20580
650 ## - SUBJECT ADDED ENTRY--TOPICAL TERM
Topical term or geographic name as entry element 6 - SCIENCES APPLIQUEES
650 ## - SUBJECT ADDED ENTRY--TOPICAL TERM
Topical term or geographic name as entry element Marketing
9 (RLIN) 19825
942 ## - ADDED ENTRY ELEMENTS (KOHA)
Koha item type Libre Accès
Holdings
Withdrawn status Lost status Damaged status Not for loan Location (home branch) Sublocation or collection (holding branch) Date acquired Source of acquisition Coded location qualifier Koha issues (times borrowed) Koha full call number Piece designation (barcode) Koha date last seen Copy number Price effective from Koha item type Shelving location
        Bibliothèque Universitaire Centrale Bibliothèque Universitaire Centrale 28/02/2009 Achat DE 9601   658.8 DEM DE 9601BUC 28/02/2009 01 28/02/2009 Libre Accès  
        Bibliothèque de l'Ecole Nationale d'Economie Appliquée et de Management Bibliothèque de l'Ecole Nationale d'Economie Appliquée et de Management 06/07/2017       09.03.01 DEM-MAR   06/07/2017   06/07/2017 Livre  


© 2008, Bibliothèques de l'Université d'Abomey-Calavi

04 BP 789 Cotonou, Tél. : +229 21 36 01 01, Fax : +229 21 35 06 32

Courriel : bu@bu.uac.bj